000 00763nam a2200205Ia 4500
003 GCL
008 140319s9999 xx 000 0 ara d
040 _aGCL /
_cGCL
082 0 4 _a811.964
_bا و
100 1 _aاحسان عباس
245 1 0 _aالوزير المغربى ابو القاسم الحسين بن على العالم الشاعر الناثر الثائر (418-370) دراسة فى سيرتة وادبة مع ما تبقى من اثارة /
_cاحسان عباس
260 _a[S.N] :
_bدار الشروق ،
_c1988
300 _a250 ص
490 _a
650 0 4 _aالشعر العربى
650 0 4 _aالادب العربى
650 0 4 _aالدولة العباسية الثانية
650 0 4 _aالمجموعات
942 _2ddc
_cBK
999 _c30860
_d30860